Top 20 Biggest Countries - Statistics

General Stats
  • This quiz has been taken 35 times
    16 since last reset
  • The average score is 19 of 20
Answers on the Map
Answers color-coded by a green-red scale on the quiz's map according to % correct below.
 
Answer Stats
Answer % Correct
Argentina
100%
Australia
100%
Brazil
100%
Canada
100%
China
100%
Russia
100%
Usa
100%
India
93%
Indonesia
93%
Iran
93%
Kazakhstan
93%
Libya
93%
Mexico
93%
Peru
93%
Algeria
87%
Denmark
87%
D.R.C
87%
Mongolia
87%
Saudi Arabia
87%
Sudan
80%
No matching quizzes found
Score Distribution
Percent of People with Each Score
Percentile by Number Answered
Your Score History
You have not taken this quiz since the last reset